[Event "Abakan Sayany op"]
[Site "Abakan"]
[Date "2013.08.08"]
[Round "7"]
[White "Prushinin, Stanislav"]
[Black "Malyshev, Sergey"]
[Result "1-0"]
[WhiteElo "2297"]
[BlackElo "2260"]
[PlyCount "65"]
[EventDate "2013.08.02"]
[EventType "swiss"]
[EventRounds "9"]
[EventCountry "RUS"]
[SourceTitle "CBM 155 Extra"]
[Source "ChessBase"]
[SourceDate "2013.08.26"]
[SourceVersion "1"]
[SourceVersionDate "2013.08.26"]
[SourceQuality "1"]

1. d4 Nf6 2. Nf3 e6 3. Bg5 c5 4. e3 Qa5+ 5. Nbd2 Ne4 6. Bf4 cxd4 7. exd4 g5 8. Be3 Nc6 9. Bd3 Nxd2 10. Bxd2 Qb6 11. Nxg5 Qxd4 12. 0-0 Qxb2 13. Ne4 Bg7 14. Rb1 Qxa2 15. Qg4 Kf8 16. Qh4 Qd5 17. Rb5 Qa2 18. Bb4+ d6 19. Bxd6+ Ke8 20. Nf6+ Kd8 21. Rd1 b6 22. Bg3 Ke7 23. Nh5+ f6 24. Nxg7 Ba6 25. Bd6+ Kxd6 26. Bc4+ Kc7 27. Nxe6+ Kc8 28. Bxa2 Bxb5 29. Qxf6 Kb7 30. Qf7+ Ka6 31. Nc7+ Ka5 32. Nxb5 Rhd8 33. Rb1 1-0

[Event "Abakan Sayany op"]
[Site "Abakan"]
[Date "2013.08.07"]
[Round "6"]
[White "Fadeev, Semen"]
[Black "Prushinin, Stanislav"]
[Result "1/2-1/2"]
[WhiteElo "2151"]
[BlackElo "2297"]
[PlyCount "41"]
[EventDate "2013.08.02"]
[EventType "swiss"]
[EventRounds "9"]
[EventCountry "RUS"]
[SourceTitle "CBM 155 Extra"]
[Source "ChessBase"]
[SourceDate "2013.08.26"]
[SourceVersion "1"]
[SourceVersionDate "2013.08.26"]
[SourceQuality "1"]

1. e4 d6 2. d4 Nf6 3. Nc3 Nbd7 4. g4 h6 5. g5 hxg5 6. Bxg5 e5 7. Nf3 Be7 8. Qd2 exd4 9. Qxd4 Nc5 10. Bd2 Ng4 11. Nd5 Bf6 12. Nxf6+ Qxf6 13. Qxf6 gxf6 14. Bd3 Ne5 15. Nxe5 fxe5 16. Ke2 Ke7 17. Rag1 Be6 18. h4 Rh5 19. Rg5 Rah8 20. Rxh5 Rxh5 21. f4 1/2-1/2

[Event "Abakan Sayany op"]
[Site "Abakan"]
[Date "2013.08.02"]
[Round "1"]
[White "Prushinin, Stanislav"]
[Black "Katanova, Marina"]
[Result "1-0"]
[WhiteElo "2297"]
[BlackElo "1933"]
[PlyCount "69"]
[EventDate "2013.08.02"]
[EventType "swiss"]
[EventRounds "9"]
[EventCountry "RUS"]
[SourceTitle "CBM 155 Extra"]
[Source "ChessBase"]
[SourceDate "2013.08.26"]
[SourceVersion "1"]
[SourceVersionDate "2013.08.26"]
[SourceQuality "1"]

1. c4 e5 2. Nc3 Nf6 3. g3 d5 4. cxd5 Nxd5 5. Bg2 Be6 6. Nf3 Nc6 7. 0-0 Be7 8. d3 0-0 9. Bd2 f5 10. Qb3 Qd7 11. Nxe5 Nxc3 12. Nxd7 Nxe2+ 13. Kh1 Bxb3 14. Nxf8 Bf7 15. Rae1 Ned4 16. Nd7 Bd6 17. f4 Bxa2 18. Ne5 Nb4 19. Bxb4 Bxb4 20. Ra1 Be6 21. Bxb7 Rb8 22. Bg2 Bc5 23. Rac1 Nb3 24. Rc2 Rd8 25. Re1 Rd6 26. h3 Bb4 27. Rd1 Nc5 28. Nc6 Rxd3 29. Rxd3 Nxd3 30. Nxb4 Nxb4 31. Rxc7 Nd3 32. Rxa7 Nxb2 33. Re7 Bc4 34. Kg1 Nd3 35. Bf1 1-0